Televidencias juveniles en Colombia : fragmentación generada por un consumo multicanal (Registro nro. 549141)
[ vista simple ]
| 001 - NÚMERO DE CONTROL | |
|---|---|
| campo de control | 1200999 |
| 005 - FECHA Y HORA DE LA ÚLTIMA TRANSACCIÓN | |
| campo de control | 20240202094844.0 |
| 008 - DATOS DE LONGITUD FIJA--INFORMACIÓN GENERAL | |
| campo de control de longitud fija | 100518e20091201 spa |
| 035 ## - NÚMERO DE CONTROL DEL SISTEMA | |
| Número de control de sistema | 1200999 |
| 035 ## - NÚMERO DE CONTROL DEL SISTEMA | |
| Número de control de sistema | (OCoLC)820542203 |
| 040 ## - FUENTE DE LA CATALOGACIÓN | |
| Centro/agencia transcriptor | comduadb |
| 041 ## - CÓDIGO DE LENGUA | |
| Código de lengua del texto/banda sonora o título independiente | spa |
| 100 10 - ENTRADA PRINCIPAL--NOMBRE DE PERSONA | |
| Nombre de persona | Arango Forero, Germán |
| Código de función | aut |
| Término indicativo de función/relación | Autor/a |
| 9 (RLIN) | 383714 |
| 245 10 - MENCIÓN DE TÍTULO | |
| Título | Televidencias juveniles en Colombia : fragmentación generada por un consumo multicanal |
| 520 3# - SUMARIO, ETC. | |
| Sumario, etc. | El presente artículo recoge los hallazgos más relevantes de una investigación, financiada por la Comisión Nacional de Televisión, que sirvió como soporte para la estructura de programación del proyecto Canal Nacional Universitario, hoy Canal Zoom. En el estudio se buscó evidenciar entre los jóvenes de últimos años de colegio y estudiantes universitarios, de ocho ciudades capitales del país, los fenómenos de segmentación y fragmentación en el hábito de consumo televisivo, y las preferencias de contenidos altamente influenciadas por el sistema de televisión por suscripción, televisión de pago, en el que Colombia ocupa el primer lugar de Latinoamérica al momento de la redacción de este texto. El Canal Nacional Universitario es precisamente una oferta televisiva colombiana distribuida a través del sistema de televisión por suscripción. |
| 650 ## - PUNTO DE ACCESO ADICIONAL DE MATERIA--TÉRMINO DE MATERIA | |
| Término de materia o nombre geográfico como elemento de entrada | Audiencias de televisión |
| 9 (RLIN) | 76741 |
| 650 ## - PUNTO DE ACCESO ADICIONAL DE MATERIA--TÉRMINO DE MATERIA | |
| Término de materia o nombre geográfico como elemento de entrada | Televisión y adolescentes |
| 9 (RLIN) | 57173 |
| 650 ## - PUNTO DE ACCESO ADICIONAL DE MATERIA--TÉRMINO DE MATERIA | |
| Término de materia o nombre geográfico como elemento de entrada | Television y universidad |
| 9 (RLIN) | 105362 |
| 650 ## - PUNTO DE ACCESO ADICIONAL DE MATERIA--TÉRMINO DE MATERIA | |
| Término de materia o nombre geográfico como elemento de entrada | Estaciones de televisión |
| 9 (RLIN) | 33268 |
| 700 10 - ENTRADA AGREGADA--NOMBRE PERSONAL | |
| Nombre de persona | Gonzalez Bernal, Manuel Ignacio |
| Código de función | aut |
| Término indicativo de función/relación | Autor/a |
| 9 (RLIN) | 438962 |
| 773 0# - ENLACE AL DOCUMENTO FUENTE/ENTRADA DE REGISTRO ANFITRIÓN | |
| Título | Palabra Clave (Bogotá) |
| Parte(s) relacionada(s) | Vol. 12, No. 02, Dic. 2009, p. 215-234 |
| Número de control del registro | 710516 |
| Número Internacional Normalizado para Publicaciones Seriadas | 0122-8285 |
| Número bibliográfico anfitrión | 225329 |
| 942 ## - ELEMENTOS DE ENTRADA AGREGADA (KOHA) | |
| Tipo de ítem Koha | Artículo de Revista |
No hay ítems disponibles.